000 00702nam a22002417a 4500
005 20101129114855.0
006 a|||||r|||||00| 0
007 ta
008 101129c xxu||||| |||| 00| 0 eng d
022 _a0970-8456
245 _aVinimaya
246 _aविनिमय
260 _aPune
_bNational Institute of Bank Management
_c2010-
300 _av.
_b22 cm
310 _aQuarterly
650 _aBank Management
_924489
700 _aRamesha, K
_924490
700 _aBasu, Sanjay
_924491
710 _aNational Institute of Bank Management
_924492
270 _aNIBM Post Office
_bPune
_e411048
942 _2ddc
_cSR
_s1
999 _c48845
_d48845